00795cam a2200229 a 4500999001500000001000600015003000900021005001700030008004100047020001800088040003800106082002000144100002100164245009700185260004900282300004000331500002000371650002600391650001800417942001200435952011800447 c3024d302412432BD-DhUAP20200301123337.0200301s2004 enka b f001 0 eng  a9781856693820 aBD-DhUAPcBD-DhUAPdBD-DhUAPbEng00a720.222 WES223 aWeston, Richard. aPlans, sections and elevations : bkey buildings of the twentieth century /cRichard Weston. aLondon : bLaurence King Publishing,cc2004. a233 pages :billustrtions ;c30 cm. aIncludes index. aArchitecture, Modern. aArchitecture. 2ddccBK 00102ddc4070aUAPCLbUAPCLcGeneral Stacksd2020-03-01o720.222 WESp3010012431r2020-03-01t1w2020-03-01yBK